[Event "Winnipeg TNT May op"]
[Site "Winnipeg CAN"]
[Date "2013.05.21"]
[Round "3"]
[White "Towns, Barry"]
[Black "Trueman, Francis"]
[Result "1-0"]
[WhiteElo "1727"]
[BlackElo "1480"]
[PlyCount "37"]
[GameId "2160767909356207"]
[EventDate "2013.05.07"]
[EventType "swiss"]
[EventRounds "4"]
[EventCountry "CAN"]
[SourceTitle "EXT 2022"]
[Source "ChessBase"]
[SourceDate "2021.10.06"]
[SourceVersion "1"]
[SourceVersionDate "2021.10.06"]
[SourceQuality "1"]

1. e4 d6 2. f4 Nd7 3. Nf3 e5 4. Bc4 h6 5. d4 exf4 6. Bxf4 Qf6 7. g3 Nb6 8. Bb3 Bg4 9. O-O Qe7 10. Qd3 Nf6 11. e5 Nh5 12. exd6 cxd6 13. Re1 Be6 14. Qb5+ Kd8 15. Qxh5 g6 16. Qb5 Kc7 17. d5 Qd7 18. Qc5+ Kd8 19. Qd4 1-0

[Event "Winnipeg TNT May op"]
[Site "Winnipeg CAN"]
[Date "2013.05.28"]
[Round "3"]
[White "Baron, Gustav"]
[Black "Wasserman, Leor"]
[Result "1-0"]
[WhiteElo "1854"]
[BlackElo "2041"]
[PlyCount "59"]
[GameId "2160767909356208"]
[EventDate "2013.05.07"]
[EventType "swiss"]
[EventRounds "4"]
[EventCountry "CAN"]
[SourceTitle "EXT 2022"]
[Source "ChessBase"]
[SourceDate "2021.10.06"]
[SourceVersion "1"]
[SourceVersionDate "2021.10.06"]
[SourceQuality "1"]

1. d4 Nf6 2. Bg5 d5 3. e3 Ne4 4. Bf4 Nd7 5. c4 e6 6. Qc2 Bb4+ 7. Nc3 b6 8. Bd3 Bb7 9. Nge2 O-O 10. O-O Ndf6 11. Rac1 h6 12. a3 Bd6 13. Bxd6 Qxd6 14. cxd5 Nxc3 15. Nxc3 Nxd5 16. Rfd1 c6 17. Qe2 Rfe8 18. h3 e5 19. Nxd5 Qxd5 20. Bc4 Qd6 21. Qh5 Qf6 22. Qg4 Rad8 23. dxe5 Rxd1+ 24. Rxd1 Rxe5 25. Qd7 Re7 26. Qd8+ Kh7 27. Rd6 Qg5 28. f4 Qh4 29. Kh2 c5 30. Bxf7 1-0

[Event "Winnipeg TNT May op"]
[Site "Winnipeg CAN"]
[Date "2013.05.28"]
[Round "4"]
[White "De Groot, Steven"]
[Black "Towns, Barry"]
[Result "1-0"]
[WhiteElo "1976"]
[BlackElo "1727"]
[PlyCount "79"]
[GameId "2160767909356209"]
[EventDate "2013.05.07"]
[EventType "swiss"]
[EventRounds "4"]
[EventCountry "CAN"]
[SourceTitle "EXT 2022"]
[Source "ChessBase"]
[SourceDate "2021.10.06"]
[SourceVersion "1"]
[SourceVersionDate "2021.10.06"]
[SourceQuality "1"]

1. c4 Nf6 2. Nc3 e5 3. g3 d5 4. cxd5 Nxd5 5. Bg2 c6 6. Nf3 Bd6 7. O-O O-O 8. d3 Bg4 9. Qb3 Qd7 10. Nxd5 cxd5 11. Qxd5 Nc6 12. Bd2 Be6 13. Qb5 f5 14. Bc3 f4 15. Rfe1 fxg3 16. hxg3 a6 17. Qa4 Bh3 18. Qe4 Bf5 19. Qe3 Rae8 20. Ng5 h6 21. Ne4 Bb8 22. Qd2 Ba7 23. e3 b5 24. a3 h5 25. f3 Re6 26. Rad1 Rg6 27. Qe2 h4 28. g4 Rxg4 29. fxg4 Bxg4 30. Qd2 Bxd1 31. Qxd1 Ne7 32. Qh5 Qxd3 33. Ng5 Bxe3+ 34. Kh1 Bxg5 35. Qxg5 Nf5 36. Bxe5 Re8 37. Qh5 Ng3+ 38. Bxg3 Rxe1+ 39. Bxe1 h3 40. Qd5+ 1-0

[Event "Winnipeg TNT May op"]
[Site "Winnipeg CAN"]
[Date "2013.05.28"]
[Round "4"]
[White "Leaden, Bruce"]
[Black "Mandusic, Ante"]
[Result "1-0"]
[WhiteElo "1609"]
[BlackElo "1232"]
[PlyCount "57"]
[GameId "2160767909356210"]
[EventDate "2013.05.07"]
[EventType "swiss"]
[EventRounds "4"]
[EventCountry "CAN"]
[SourceTitle "EXT 2022"]
[Source "ChessBase"]
[SourceDate "2021.10.06"]
[SourceVersion "1"]
[SourceVersionDate "2021.10.06"]
[SourceQuality "1"]

1. e4 e5 2. Nf3 d6 3. d4 Nd7 4. Bc4 Ne7 5. Ng5 d5 6. exd5 Nf6 7. d6 Ned5 8. dxe5 b5 9. Bxd5 Be6 10. Bxa8 Nd7 11. Nxe6 fxe6 12. Bc6 a6 13. O-O cxd6 14. exd6 g6 15. Re1 Qf6 16. Nc3 Kd8 17. Ne4 Qe5 18. Bg5+ Kc8 19. Bxd7+ Kxd7 20. Nf6+ Qxf6 21. Bxf6 Rg8 22. Qe2 Bxd6 23. Qxe6+ Kc7 24. Qxg8 Kb6 25. Bd4+ Ka5 26. Qd8+ Ka4 27. b3+ Kb4 28. Qxd6+ Ka5 29. Qa3# 1-0

[Event "Winnipeg TNT May op"]
[Site "Winnipeg CAN"]
[Date "2013.05.28"]
[Round "4"]
[White "Repa, Jason"]
[Black "Mundwiler, Les"]
[Result "0-1"]
[WhiteElo "2148"]
[BlackElo "2034"]
[PlyCount "128"]
[GameId "2160767909356211"]
[EventDate "2013.05.07"]
[EventType "swiss"]
[EventRounds "4"]
[EventCountry "CAN"]
[SourceTitle "EXT 2022"]
[Source "ChessBase"]
[SourceDate "2021.10.06"]
[SourceVersion "1"]
[SourceVersionDate "2021.10.06"]
[SourceQuality "1"]

1. f4 d5 2. Nf3 g6 3. e3 Bg7 4. Be2 c5 5. O-O Nc6 6. Bb5 Qc7 7. d3 a6 8. Bxc6+ Qxc6 9. Nbd2 e6 10. a4 b6 11. Qe2 Ne7 12. Ra2 h5 13. b3 Nf5 14. Bb2 d4 15. Nc4 Bb7 16. e4 Nd6 17. Nce5 Qc7 18. Bc1 O-O-O 19. Bd2 a5 20. Raa1 Rhg8 21. Be1 Bf6 22. Bg3 Qe7 23. Ng5 Bh8 24. Ngf3 f5 25. Bh4 Bf6 26. Bxf6 Qxf6 27. Nd2 Kb8 28. Nec4 Nc8 29. Rae1 g5 30. Qxh5 gxf4 31. Rxf4 Rg5 32. Qf3 Rdg8 33. Re2 R8g6 34. Qf1 Qg7 35. Nf3 Rh5 36. Kh1 Rgh6 37. Qf2 Qh7 38. h4 e5 39. Ncxe5 fxe4 40. dxe4 Nd6 41. Qe1 Qe7 42. Qg3 Ka7 43. Nc4 Nf5 44. Rxf5 Rxf5 45. Kg1 Rf8 46. Ncd2 Rhh8 47. Qg5 Qh7 48. g3 Rhg8 49. Qe5 Re8 50. Qf4 Qh5 51. Rg2 Ref8 52. g4 Rxf4 53. gxh5 Rxg2+ 54. Kxg2 Bxe4 55. Kg3 Bxf3 56. Kxf4 Bxh5 57. Nf3 Kb7 58. Ne5 Bd1 59. Nf3 Bxc2 60. h5 Bxb3 61. h6 Bg8 62. Ne5 Bh7 63. Nf7 Kc6 64. Ng5 Bg8 0-1

[Event "Winnipeg TNT May op"]
[Site "Winnipeg CAN"]
[Date "2013.05.28"]
[Round "4"]
[White "Samson, Larry"]
[Black "Reimer, Bruce"]
[Result "1/2-1/2"]
[WhiteElo "1531"]
[BlackElo "1651"]
[PlyCount "89"]
[GameId "2160767909356212"]
[EventDate "2013.05.07"]
[EventType "swiss"]
[EventRounds "4"]
[EventCountry "CAN"]
[SourceTitle "EXT 2022"]
[Source "ChessBase"]
[SourceDate "2021.10.06"]
[SourceVersion "1"]
[SourceVersionDate "2021.10.06"]
[SourceQuality "1"]

1. e4 Nf6 2. Nc3 e5 3. a3 Nc6 4. Nf3 g6 5. Bc4 Bg7 6. d3 O-O 7. O-O d6 8. h3 Qe8 9. Be3 Be6 10. Bxe6 Qxe6 11. Qd2 d5 12. exd5 Nxd5 13. Nxd5 Qxd5 14. Rab1 Nd4 15. Nxd4 exd4 16. Bh6 Bxh6 17. Qxh6 Rfe8 18. Qd2 Re7 19. Rfe1 Rae8 20. Rxe7 Rxe7 21. Re1 Rxe1+ 22. Qxe1 Qa2 23. Qe8+ Kg7 24. Qe5+ Kf8 25. Qxd4 Qb1+ 26. Kh2 Qxc2 27. Kg3 b6 28. Qc3 Qxc3 29. bxc3 Ke7 30. Kf4 Ke6 31. c4 h6 32. g4 a6 33. Ke4 c5 34. a4 f5+ 35. gxf5+ gxf5+ 36. Kf4 Kf6 37. f3 Ke6 38. Ke3 Kf6 39. f4 Kg6 40. Kf3 Kh5 41. Kg3 Kg6 42. Kh4 h5 43. Kg3 Kf6 44. Kh4 Kg6 45. Kg3 1/2-1/2

[Event "Winnipeg TNT May op"]
[Site "Winnipeg CAN"]
[Date "2013.05.28"]
[Round "4"]
[White "Swift, Ryne"]
[Black "Lipnowski, Samuel"]
[Result "1/2-1/2"]
[WhiteElo "1906"]
[BlackElo "2224"]
[PlyCount "46"]
[GameId "2160767909356213"]
[EventDate "2013.05.07"]
[EventType "swiss"]
[EventRounds "4"]
[EventCountry "CAN"]
[SourceTitle "EXT 2022"]
[Source "ChessBase"]
[SourceDate "2021.10.06"]
[SourceVersion "1"]
[SourceVersionDate "2021.10.06"]
[SourceQuality "1"]

1. e4 e5 2. Nf3 Nc6 3. d4 exd4 4. Nxd4 Nf6 5. Nc3 Bb4 6. Nxc6 bxc6 7. Bd3 d5 8. exd5 cxd5 9. O-O O-O 10. Bd2 d4 11. Ne4 Bxd2 12. Qxd2 Bb7 13. Rfe1 Rb8 14. Rab1 Re8 15. Nxf6+ Qxf6 16. Rxe8+ Rxe8 17. Re1 Rxe1+ 18. Qxe1 Qe6 19. Qxe6 fxe6 20. f4 Bd5 21. a3 Kf7 22. Kf2 h6 23. c3 c5 1/2-1/2

[Event "Winnipeg TNT May op"]
[Site "Winnipeg CAN"]
[Date "2013.05.28"]
[Round "4"]
[White "Wolchock, Theo"]
[Black "Le Dorze, Philippe"]
[Result "1/2-1/2"]
[WhiteElo "1777"]
[BlackElo "1717"]
[PlyCount "61"]
[GameId "2160767909356214"]
[EventDate "2013.05.07"]
[EventType "swiss"]
[EventRounds "4"]
[EventCountry "CAN"]
[SourceTitle "EXT 2022"]
[Source "ChessBase"]
[SourceDate "2021.10.06"]
[SourceVersion "1"]
[SourceVersionDate "2021.10.06"]
[SourceQuality "1"]

1. c4 b6 2. d4 Bb7 3. e3 Nf6 4. Nf3 e6 5. Be2 d5 6. O-O Be7 7. Nc3 Nbd7 8. Bd2 O-O 9. Rc1 c5 10. Qa4 a6 11. Rfd1 cxd4 12. exd4 dxc4 13. Qxc4 b5 14. Qb3 b4 15. Na4 Bd5 16. Bc4 a5 17. Bxd5 Nxd5 18. Qd3 N7f6 19. Ne5 Bd6 20. Bg5 Rc8 21. Rxc8 Qxc8 22. Rc1 Qb7 23. Nc5 Qa8 24. Qe2 h6 25. Bxf6 Nxf6 26. Ng4 Nd5 27. g3 Rc8 28. Qd2 Qa7 29. Ne4 Rxc1+ 30. Qxc1 Bf8 31. Nc5 1/2-1/2

[Event "Winnipeg TNT October op"]
[Site "Winnipeg CAN"]
[Date "2013.10.01"]
[Round "1.5"]
[White "Babb, Jeff"]
[Black "Campbell, Jamie"]
[Result "1-0"]
[WhiteElo "2166"]
[BlackElo "1704"]
[PlyCount "109"]
[GameId "2160767909229380"]
[EventDate "2013.10.01"]
[EventType "swiss"]
[EventRounds "5"]
[EventCountry "CAN"]
[SourceTitle "EXT 2022"]
[Source "ChessBase"]
[SourceDate "2021.10.06"]
[SourceVersion "1"]
[SourceVersionDate "2021.10.06"]
[SourceQuality "1"]

1. d4 Nf6 2. Nf3 c5 3. d5 b5 4. Bg5 g6 5. Bxf6 exf6 6. Qd3 b4 7. d6 Qb6 8. Qe4+ Kd8 9. Qxa8 Nc6 10. Nbd2 Bxd6 11. Nc4 Qc7 12. Nxd6 Qxd6 13. e3 Ke7 14. Ba6 Qc7 15. Bb5 Re8 16. Bxc6 dxc6 17. O-O Bf5 18. Qxe8+ Kxe8 19. Rfc1 Be4 20. Nd2 Qe5 21. Nxe4 Qxe4 22. c3 a5 23. cxb4 cxb4 24. Rc5 a4 25. Rac1 Kd7 26. R5c4 Qe6 27. a3 bxa3 28. bxa3 Kc7 29. Rxa4 Qb3 30. Ra6 Qb7 31. Ra5 Qb6 32. Rac5 Kd6 33. R5c4 Qa6 34. a4 c5 35. h3 f5 36. Rxc5 Qxa4 37. Rc7 Qe8 38. Rc8 Qe4 39. Rd1+ Ke7 40. Rc7+ Kf6 41. Rdd7 Qe6 42. h4 h5 43. Kf1 Qa2 44. Rxf7+ Qxf7 45. Rxf7+ Kxf7 46. Ke2 Ke6 47. Kd3 Kd5 48. f3 Ke5 49. Kc4 Ke6 50. Kd4 Kd6 51. e4 fxe4 52. fxe4 Ke6 53. e5 Ke7 54. Kd5 Kd7 55. e6+ 1-0

[Event "Winnipeg TNT October op"]
[Site "Winnipeg CAN"]
[Date "2013.10.01"]
[Round "1.5"]
[White "De Groot, Steven"]
[Black "Remillard, John"]
[Result "1-0"]
[WhiteElo "1959"]
[BlackElo "1562"]
[PlyCount "25"]
[GameId "2160767909229381"]
[EventDate "2013.10.01"]
[EventType "swiss"]
[EventRounds "5"]
[EventCountry "CAN"]
[SourceTitle "EXT 2022"]
[Source "ChessBase"]
[SourceDate "2021.10.06"]
[SourceVersion "1"]
[SourceVersionDate "2021.10.06"]
[SourceQuality "1"]

1. c4 e5 2. Nc3 Nf6 3. g3 Be7 4. Bg2 O-O 5. d3 c6 6. Nf3 d6 7. O-O Be6 8. b3 Nbd7 9. d4 exd4 10. Nxd4 Nc5 11. Bb2 d5 12. Nxe6 fxe6 13. cxd5 1-0

[Event "Winnipeg TNT October op"]
[Site "Winnipeg CAN"]
[Date "2013.10.01"]
[Round "1.5"]
[White "Green, Aaron"]
[Black "Wasserman, Arie"]
[Result "1-0"]
[WhiteElo "2059"]
[BlackElo "1690"]
[PlyCount "97"]
[GameId "2160767909229382"]
[EventDate "2013.10.01"]
[EventType "swiss"]
[EventRounds "5"]
[EventCountry "CAN"]
[SourceTitle "EXT 2022"]
[Source "ChessBase"]
[SourceDate "2021.10.06"]
[SourceVersion "1"]
[SourceVersionDate "2021.10.06"]
[SourceQuality "1"]

1. e4 e5 2. Nf3 Nc6 3. Bb5 Bc5 4. O-O Nf6 5. Nc3 a6 6. Bxc6 dxc6 7. Nxe5 O-O 8. Nf3 Bg4 9. d3 h6 10. h3 Bh5 11. Qe2 Nh7 12. Be3 Bxe3 13. Qxe3 Re8 14. g4 Bg6 15. Qd2 Qf6 16. Kg2 Rad8 17. Rfe1 Qe6 18. Qf4 Re7 19. Nh4 Nf8 20. Qg3 Bh7 21. f4 Qd6 22. f5 f6 23. Qxd6 cxd6 24. Kf2 Nd7 25. Nf3 Kf8 26. Ne2 Ne5 27. Nf4 Bg8 28. Nxe5 dxe5 29. Ng6+ Kf7 30. Nxe7 Kxe7 31. Ke3 c5 32. c3 b6 33. Red1 Bf7 34. d4 cxd4+ 35. cxd4 Rc8 36. d5 Kd6 37. Rac1 Rxc1 38. Rxc1 Be8 39. h4 Bb5 40. g5 Bd7 41. gxf6 gxf6 42. Rg1 Be8 43. Rg8 Ke7 44. Rh8 h5 45. Rh7+ Kd6 46. Ra7 a5 47. Ra8 Bf7 48. Rb8 Kc7 49. Rf8 1-0

[Event "Winnipeg TNT October op"]
[Site "Winnipeg CAN"]
[Date "2013.10.01"]
[Round "1.5"]
[White "Leaden, Bruce"]
[Black "Kernetsky, Myron"]
[Result "0-1"]
[WhiteElo "1694"]
[BlackElo "2069"]
[PlyCount "52"]
[GameId "2160767909229383"]
[EventDate "2013.10.01"]
[EventType "swiss"]
[EventRounds "5"]
[EventCountry "CAN"]
[SourceTitle "EXT 2022"]
[Source "ChessBase"]
[SourceDate "2021.10.06"]
[SourceVersion "1"]
[SourceVersionDate "2021.10.06"]
[SourceQuality "1"]

1. e4 d6 2. Nf3 g6 3. d4 Bg7 4. Bc4 e6 5. O-O Ne7 6. Be3 a6 7. a4 b6 8. b4 Nd7 9. Qd2 h6 10. c3 Bb7 11. d5 exd5 12. exd5 Nf6 13. Re1 Kf8 14. Bd4 Nexd5 15. Bxd5 Nxd5 16. Bxg7+ Kxg7 17. c4 Nf6 18. Ra3 Qd7 19. b5 axb5 20. cxb5 Rhe8 21. Nd4 Rxe1+ 22. Qxe1 Re8 23. Re3 Rxe3 24. Qxe3 Nd5 25. Qc1 Qg4 26. Qd2 Qe4 0-1

[Event "Winnipeg TNT October op"]
[Site "Winnipeg CAN"]
[Date "2013.10.01"]
[Round "1.5"]
[White "Magyar, Peter"]
[Black "Swift, Ryne"]
[Result "1/2-1/2"]
[WhiteElo "1590"]
[BlackElo "2017"]
[PlyCount "78"]
[GameId "2160767909229384"]
[EventDate "2013.10.01"]
[EventType "swiss"]
[EventRounds "5"]
[EventCountry "CAN"]
[SourceTitle "EXT 2022"]
[Source "ChessBase"]
[SourceDate "2021.10.06"]
[SourceVersion "1"]
[SourceVersionDate "2021.10.06"]
[SourceQuality "1"]

1. Nf3 Nf6 2. c4 e6 3. Nc3 d5 4. d4 Be7 5. Be3 O-O 6. cxd5 Nxd5 7. Nxd5 exd5 8. g3 c6 9. Bg2 Bf5 10. O-O Nd7 11. Qd2 Bf6 12. Bf4 Qe7 13. Rfe1 h6 14. Qc1 Be4 15. Qe3 g5 16. Bc7 b6 17. Qa3 Qxa3 18. bxa3 Bxf3 19. Bxf3 Bxd4 20. Rad1 Be5 21. Bg4 f5 22. Bxe5 Nxe5 23. Bh5 Rfd8 24. Kg2 Kg7 25. f4 Nc4 26. Kf2 Nxa3 27. Rc1 Nc4 28. g4 Kf6 29. Kg3 Rg8 30. fxg5+ Rxg5 31. h4 Rg7 32. Rf1 Rf8 33. Rxf5+ Ke7 34. Rcf1 Rxf5 35. Rxf5 d4 36. g5 hxg5 37. Rxg5 Rxg5+ 38. hxg5 Na3 39. Kf4 Nc4 1/2-1/2

[Event "Winnipeg TNT October op"]
[Site "Winnipeg CAN"]
[Date "2013.10.01"]
[Round "1.5"]
[White "Reimer, Bruce"]
[Black "Boron, Anthony"]
[Result "0-1"]
[WhiteElo "1546"]
[BlackElo "1950"]
[PlyCount "54"]
[GameId "2160767909229385"]
[EventDate "2013.10.01"]
[EventType "swiss"]
[EventRounds "5"]
[EventCountry "CAN"]
[SourceTitle "EXT 2022"]
[Source "ChessBase"]
[SourceDate "2021.10.06"]
[SourceVersion "1"]
[SourceVersionDate "2021.10.06"]
[SourceQuality "1"]

1. c4 c5 2. g3 g6 3. Bg2 Bg7 4. Nc3 Nc6 5. e4 d6 6. Nge2 e6 7. O-O Nge7 8. d3 a6 9. Be3 Nd4 10. Bxd4 cxd4 11. Nb1 O-O 12. Nd2 a5 13. a3 Nc6 14. f4 e5 15. f5 Qg5 16. Rf3 gxf5 17. exf5 Bxf5 18. h3 Bg6 19. h4 Qe7 20. Rf2 Bxd3 21. Ne4 Bxc4 22. Qc2 d5 23. Nc1 d3 24. Qc3 b5 25. Ng5 h6 26. Nh3 e4 27. Qe1 e3 0-1

[Event "Winnipeg TNT October op"]
[Site "Winnipeg CAN"]
[Date "2013.10.01"]
[Round "1.5"]
[White "Wasserman, Leor"]
[Black "Roy, Rayan"]
[Result "1-0"]
[WhiteElo "1942"]
[BlackElo "1512"]
[PlyCount "132"]
[GameId "2160767909229387"]
[EventDate "2013.10.01"]
[EventType "swiss"]
[EventRounds "5"]
[EventCountry "CAN"]
[SourceTitle "EXT 2022"]
[Source "ChessBase"]
[SourceDate "2021.10.06"]
[SourceVersion "1"]
[SourceVersionDate "2021.10.06"]
[SourceQuality "1"]

1. e4 c5 2. Nf3 Nc6 3. d4 cxd4 4. Nxd4 g6 5. Nxc6 bxc6 6. Qd4 Nf6 7. Be2 Bg7 8. O-O O-O 9. e5 Nd5 10. c4 Nc7 11. Qe3 d6 12. exd6 exd6 13. Qg3 Ne6 14. Nc3 Re8 15. Rd1 Nd4 16. Bd3 d5 17. Be3 Kf8 18. cxd5 cxd5 19. Bxd4 Bxd4 20. Bb5 Be5 21. Qf3 Re6 22. Rxd5 Qf6 23. Qxf6 Bxf6 24. Bc4 Bb7 25. Rd7 Re7 26. Rad1 Bc6 27. Rxe7 Bxe7 28. Bd5 Bxd5 29. Rxd5 Rc8 30. g3 Kg7 31. Rd7 Bc5 32. Ne4 a5 33. Ng5 Kf6 34. h4 Be7 35. Rd3 Kg7 36. Ne4 Rc6 37. Nc3 Rd6 38. Rxd6 Bxd6 39. Kf1 Kf6 40. Ne4+ Ke7 41. Nxd6 Kxd6 42. Ke2 Kd5 43. Kd3 Kc5 44. a3 Kb5 45. b3 h6 46. f4 f6 47. g4 Kc5 48. Kc3 Kb5 49. Kd4 Kc6 50. a4 Kb6 51. Kd5 Ka6 52. Ke6 g5 53. hxg5 hxg5 54. fxg5 fxg5 55. Kf5 Kb6 56. Kxg5 Kc5 57. Kf5 Kb4 58. g5 Kxb3 59. g6 Kxa4 60. g7 Kb3 61. g8=Q+ Kc3 62. Qa2 a4 63. Qxa4 Kb2 64. Ke4 Kc1 65. Kd3 Kb1 66. Kc3 Kc1 1-0

[Event "Winnipeg TNT October op"]
[Site "Winnipeg CAN"]
[Date "2013.10.01"]
[Round "1.5"]
[White "Wolchock, Theo"]
[Black "Lipnowski, Samuel"]
[Result "0-1"]
[WhiteElo "1731"]
[BlackElo "2223"]
[PlyCount "74"]
[GameId "2160767909229388"]
[EventDate "2013.10.01"]
[EventType "swiss"]
[EventRounds "5"]
[EventCountry "CAN"]
[SourceTitle "EXT 2022"]
[Source "ChessBase"]
[SourceDate "2021.10.06"]
[SourceVersion "1"]
[SourceVersionDate "2021.10.06"]
[SourceQuality "1"]

1. c4 Nf6 2. Nf3 g6 3. e3 Bg7 4. d4 O-O 5. Be2 d5 6. Nc3 dxc4 7. Bxc4 c5 8. O-O cxd4 9. exd4 Nc6 10. h3 Na5 11. Bd3 Be6 12. Re1 Rc8 13. Bd2 Nc4 14. Bxc4 Bxc4 15. Bf4 e6 16. Ne5 Ba6 17. Bg5 h6 18. Bh4 g5 19. Bg3 Nd5 20. a3 Nxc3 21. bxc3 Rxc3 22. Qd2 Rc8 23. Rac1 Qd5 24. Qb2 b6 25. Red1 Bb7 26. f4 Rfd8 27. Rxc8 Rxc8 28. fxg5 hxg5 29. Qf2 f5 30. Ng6 Kf7 31. Ne5+ Bxe5 32. Bxe5 Qe4 33. Re1 Qd3 34. Re3 Rc1+ 35. Kh2 Qd1 36. Re2 Qh1+ 37. Kg3 Rc3+ 0-1

[Event "Winnipeg TNT October op"]
[Site "Winnipeg CAN"]
[Date "2013.10.08"]
[Round "2.5"]
[White "Roy, Rayan"]
[Black "Leaden, Bruce"]
[Result "0-1"]
[WhiteElo "1512"]
[BlackElo "1694"]
[PlyCount "78"]
[GameId "2160767909229389"]
[EventDate "2013.10.01"]
[EventType "swiss"]
[EventRounds "5"]
[EventCountry "CAN"]
[SourceTitle "EXT 2022"]
[Source "ChessBase"]
[SourceDate "2021.10.06"]
[SourceVersion "1"]
[SourceVersionDate "2021.10.06"]
[SourceQuality "1"]

1. e4 e6 2. Nf3 d5 3. exd5 exd5 4. d4 Nf6 5. Nc3 Bd6 6. Bd3 O-O 7. O-O Nc6 8. Re1 Bg4 9. Be2 Re8 10. Be3 Na5 11. h3 Bf5 12. Rc1 Nc4 13. Bxc4 dxc4 14. Qd2 c6 15. Kf1 Ne4 16. Nxe4 Bxe4 17. Qe2 b5 18. c3 Bd3 19. Qxd3 cxd3 20. Rcd1 Qa5 21. a3 b4 22. cxb4 Qb5 23. Kg1 Re6 24. Ng5 Rxe3 25. Rxe3 Qxg5 26. Rexd3 Re8 27. Kf1 h6 28. b3 Re6 29. Kg1 Rf6 30. Rf1 Qg6 31. Re3 Qc2 32. Re8+ Kh7 33. Re3 Re6 34. Rfe1 Rxe3 35. fxe3 Bg3 36. Rf1 Qxb3 37. Rf3 Qd1+ 38. Rf1 Qe2 39. Rc1 Qxe3+ 0-1

[Event "Winnipeg TNT October op"]
[Site "Winnipeg CAN"]
[Date "2013.10.10"]
[Round "2.5"]
[White "Boron, Anthony"]
[Black "Babb, Jeff"]
[Result "0-1"]
[WhiteElo "1950"]
[BlackElo "2166"]
[PlyCount "102"]
[GameId "2160767909229390"]
[EventDate "2013.10.01"]
[EventType "swiss"]
[EventRounds "5"]
[EventCountry "CAN"]
[SourceTitle "EXT 2022"]
[Source "ChessBase"]
[SourceDate "2021.10.06"]
[SourceVersion "1"]
[SourceVersionDate "2021.10.06"]
[SourceQuality "1"]

1. d4 f5 2. Bg5 c6 3. c3 Qb6 4. Qb3 d6 5. f4 Nd7 6. Nf3 Ngf6 7. Nbd2 Nd5 8. c4 Qxb3 9. axb3 Ne3 10. Kf2 Ng4+ 11. Ke1 h6 12. Bh4 e5 13. dxe5 dxe5 14. fxe5 g5 15. Bf2 Nxf2 16. Kxf2 Bg7 17. e4 f4 18. b4 Nxe5 19. Ra2 Ng4+ 20. Ke2 Ne3 21. e5 g4 22. Nh4 Kf7 23. g3 Nxf1 24. Rxf1 f3+ 25. Ndxf3 gxf3+ 26. Rxf3+ Ke8 27. Re3 Bg4+ 28. Kd2 Kf7 29. Ra1 Rhe8 30. Rf1+ Kg8 31. Nf5 Rad8+ 32. Kc2 Bxf5+ 33. Rxf5 Re6 34. g4 Rd4 35. g5 Rxc4+ 36. Kb3 Rh4 37. h3 Rh5 38. h4 Rxh4 39. Rd3 Rxe5 40. Rd8+ Kh7 41. Rxe5 Bxe5 42. Rd7+ Kg6 43. gxh6 b5 44. Rxa7 Rh3+ 45. Kc2 Rxh6 46. Ra8 Kf5 47. Re8 Ke4 48. Rg8 Rh2+ 49. Kc1 Kd3 50. Rg1 Rc2+ 51. Kd1 Rxb2 0-1

[Event "Winnipeg TNT October op"]
[Site "Winnipeg CAN"]
[Date "2013.10.10"]
[Round "2.5"]
[White "Kernetsky, Myron"]
[Black "Rutter, Blair"]
[Result "1-0"]
[WhiteElo "2069"]
[BlackElo "1914"]
[PlyCount "121"]
[GameId "2160767909229391"]
[EventDate "2013.10.01"]
[EventType "swiss"]
[EventRounds "5"]
[EventCountry "CAN"]
[SourceTitle "EXT 2022"]
[Source "ChessBase"]
[SourceDate "2021.10.06"]
[SourceVersion "1"]
[SourceVersionDate "2021.10.06"]
[SourceQuality "1"]

1. d4 e6 2. c4 f5 3. Nc3 Bb4 4. Qc2 Nf6 5. Nf3 O-O 6. g3 d5 7. Qb3 Bxc3+ 8. bxc3 Nbd7 9. Bg2 c6 10. O-O Qe8 11. Ba3 dxc4 12. Qxc4 Nb6 13. Qb3 Rf7 14. Ne5 Ne4 15. Bxe4 fxe4 16. Nxf7 Qxf7 17. f3 Bd7 18. fxe4 Qg6 19. Rf4 h5 20. Raf1 Kh7 21. Bd6 Re8 22. e3 Bc8 23. Rh4 Nd7 24. e5 b5 25. Qd1 Nb6 26. Qxh5+ Qxh5 27. Rxh5+ Kg6 28. Rh4 Nd5 29. Rc1 Nxe3 30. Rf4 a5 31. Rf3 Nd5 32. c4 Nb6 33. cxb5 cxb5 34. Rc7 Nd5 35. Ra7 a4 36. Rff7 Rg8 37. Bf8 b4 38. Rxg7+ Rxg7 39. Rxg7+ Kf5 40. Ra7 b3 41. axb3 axb3 42. Ba3 Ke4 43. h4 Ne3 44. Rc7 Ba6 45. h5 Ng4 46. Rc6 Bd3 47. Rxe6 Kxd4 48. Rd6+ Kc3 49. e6 Bb5 50. Rb6 Be8 51. e7 Bxh5 52. Rb8 Nf6 53. Rc8+ Kd3 54. Bb2 Ne8 55. Kg2 Bf7 56. Kf3 Nd6 57. Rd8 Kc2 58. Rxd6 Kxb2 59. Rd8 Kc3 60. e8=Q Bxe8 61. Rxe8 1-0

[Event "Winnipeg TNT October op"]
[Site "Winnipeg CAN"]
[Date "2013.10.10"]
[Round "2.5"]
[White "Lipnowski, Samuel"]
[Black "Wasserman, Leor"]
[Result "1-0"]
[WhiteElo "2223"]
[BlackElo "1943"]
[PlyCount "69"]
[GameId "2160767909229392"]
[EventDate "2013.10.01"]
[EventType "swiss"]
[EventRounds "5"]
[EventCountry "CAN"]
[SourceTitle "EXT 2022"]
[Source "ChessBase"]
[SourceDate "2021.10.06"]
[SourceVersion "1"]
[SourceVersionDate "2021.10.06"]
[SourceQuality "1"]

1. e4 e5 2. Nf3 Nc6 3. Bb5 a6 4. Ba4 Nf6 5. O-O Nxe4 6. d4 exd4 7. Re1 d5 8. Nxd4 Bd6 9. Nxc6 Bxh2+ 10. Kf1 Qh4 11. Be3 O-O 12. Qxd5 bxc6 13. Bxc6 Be6 14. Qxe4 Bc4+ 15. Re2 Bf4 16. g3 Bxe2+ 17. Kxe2 Qh5+ 18. Qf3 Qe5 19. gxf4 Qxb2 20. Bxa8 Qxa1 21. Nd2 Qxa2 22. Be4 Qa5 23. f5 f6 24. c4 Rd8 25. Bd5+ Kh8 26. Qh5 Qc3 27. Qf7 Qe5 28. Qe6 Qc3 29. Qxa6 Re8 30. Qc6 Qe5 31. Nf3 Qb2+ 32. Kf1 Qb1+ 33. Kg2 Rb8 34. Qxc7 h6 35. Nd4 1-0

[Event "Winnipeg TNT October op"]
[Site "Winnipeg CAN"]
[Date "2013.10.10"]
[Round "2.5"]
[White "Ma, Derek"]
[Black "Magyar, Peter"]
[Result "0-1"]
[WhiteElo "1817"]
[BlackElo "1590"]
[PlyCount "54"]
[GameId "2160767909229393"]
[EventDate "2013.10.01"]
[EventType "swiss"]
[EventRounds "5"]
[EventCountry "CAN"]
[SourceTitle "EXT 2022"]
[Source "ChessBase"]
[SourceDate "2021.10.06"]
[SourceVersion "1"]
[SourceVersionDate "2021.10.06"]
[SourceQuality "1"]

1. e4 e6 2. d4 d5 3. e5 c5 4. c3 Nc6 5. Be3 cxd4 6. cxd4 Be7 7. Qd2 Bd7 8. Nc3 f6 9. f4 Nh6 10. Be2 Nf5 11. Bf2 O-O 12. g4 Nh6 13. Be3 fxe5 14. fxe5 Rc8 15. Bxh6 Bh4+ 16. Kd1 gxh6 17. Nf3 Bg5 18. Qd3 Be8 19. Nxg5 hxg5 20. h4 Rf4 21. Nb5 a6 22. hxg5 Bg6 23. Qg3 Qxg5 24. Nd6 Rxd4+ 25. Ke1 Qd2+ 26. Kf1 Rf8+ 27. Bf3 Rdf4 0-1